Modern methods of construction in housebuilding (Record no. 112429)
[ view plain ]
| 000 -LEADER | |
|---|---|
| fixed length control field | 01639cad a22002295a 4500 |
| 001 - CONTROL NUMBER | |
| control field | L153236 |
| 008 - FIXED-LENGTH DATA ELEMENTS--GENERAL INFORMATION | |
| fixed length control field | 110627s2005 xxk f 000 0 eng d |
| 020 ## - INTERNATIONAL STANDARD BOOK NUMBER | |
| International Standard Book Number | 086017915X |
| 035 ## - SYSTEM CONTROL NUMBER | |
| System control number | (Sirsi) u153236 |
| 041 0# - LANGUAGE CODE | |
| Language code of text/sound track or separate title | eng |
| 100 1# - MAIN ENTRY--PERSONAL NAME | |
| Personal name | Pan, Wei |
| 245 00 - TITLE STATEMENT | |
| Title | Modern methods of construction in housebuilding |
| Remainder of title | perspectives and practices of leading UK housebuilders |
| Medium | [electronic resource] |
| 260 ## - PUBLICATION, DISTRIBUTION, ETC. | |
| Place of publication, distribution, etc. | Loughborough |
| Name of publisher, distributor, etc. | Loughborough University |
| Date of publication, distribution, etc. | 2005 |
| 520 ## - SUMMARY, ETC. | |
| Summary, etc. | The increasing demand for housing, coupled with wide concerns over the need to improve performance, has created a powerful case for use of offsite technologies. However, to date, the industry has been slow to innovate and adopt offsite technologies, which has inhibited achieving a step improvement in productivity and quality of housing supply. This study forms part of a three-year research project on the applications of innovative building technologies in housing construction. It reports the findings of a survey of the top 100 housebuilding firms regarding the use of Offsite Modern Methods of Construction (Offsite-MMC). The respondent firms together contribute more than 30% to the total housing unit completions in the industry. This brief summary report outlines the key findings and recommendations of the research to date. |
| 651 #4 - SUBJECT ADDED ENTRY--GEOGRAPHIC NAME | |
| Geographic name | United Kingdom |
| Chronological subdivision | |
| 690 ## - LOCAL SUBJECT ADDED ENTRY--TOPICAL TERM (OCLC, RLIN) | |
| Topical term or geographic name as entry element | Procurement |
| 9 (RLIN) | 6260 |
| 700 1# - ADDED ENTRY--PERSONAL NAME | |
| Personal name | Gibb, Alistair |
| 700 1# - ADDED ENTRY--PERSONAL NAME | |
| Personal name | Dainty, Andrew |
| 710 1# - ADDED ENTRY--CORPORATE NAME | |
| Corporate name or jurisdiction name as entry element | Loughborough University |
| 9 (RLIN) | 3508 |
| 856 40 - ELECTRONIC LOCATION AND ACCESS | |
| Uniform Resource Identifier | <a href="https://www.buildoffsite.com/pdf/Offiste_modern_methods_construction_housebuilding.pdf">https://www.buildoffsite.com/pdf/Offiste_modern_methods_construction_housebuilding.pdf</a> |
| Public note | View this item free of charge at www.buildoffsite.com |
| 942 ## - ADDED ENTRY ELEMENTS (KOHA) | |
| Suppress in OPAC | 0 |
| Withdrawn status | Lost status | Source of classification or shelving scheme | Damaged status | Not for loan | Home library | Current library | Shelving location | Date acquired | Total Checkouts | Full call number | Barcode | Date last seen | Copy number | Price effective from | Koha item type |
|---|---|---|---|---|---|---|---|---|---|---|---|---|---|---|---|
| Dewey Decimal Classification | Virtual | Virtual | Online | 27/06/2011 | ONLINE PUBLICATION | 153236-1001 | 06/08/2019 | 1 | 06/08/2019 | Book |